00202 a2200109 4500001000700000020000600007040001100013100002400024240002000048245001500068362000900083177516 a  cMagnum aAlunos da 2ยช Serie10aEtica e...lpor10aEtica e...0 a1899